000 01080nam a2200241Ia 4500
001 21638
005 20260416150348.0
008 260320s9999||||xx |||||||||||||| ||und||
020 _a9780128022115
041 _aING
082 _a660.6
_bS79
100 _aStephenson, Frank H.,
_eAUT
245 0 _aCalculations for molecular biology and biotechnology
250 _aThird edition
260 _aLondon :
_bAcademic Press is an imprint of Elsevier,
_c2016
300 _axiii, 481 páginas :
_btablas, gráficos ;
_c24 cm.
650 _aTCA
653 _aBiología molecular matemática; Biotecnología matemática
654 _aCCS
856 _uhttps://itmsp.museknowledge.com/UCSP?url=https://research.ebsco.com/linkprocessor/plink?id=b8edb4dc-3c97-3f34-bbad-55470447e397
_zVéase además: Calculations in molecular biology and biotechnology: a guide to mathematics in the laboratory. Versión digital
856 _uhttps://0u20fwr69-y-https-research-ebsco-com.itmsp.museknowledge.com/c/qxo6us/search
_zVéase además: Base de datos EBSCOhost
942 _cLIB
_dJUS
_fMAT
_2ddc
999 _c21638
_d21638